| 000 | 01306nam2a22002531 4500 | ||
|---|---|---|---|
| 001 | rc\4074174 | ||
| 005 | 20130415153401.8 | ||
| 035 | _a(NLR Aleph) 007966400 | ||
| 090 |
_a8431841 _c8431841 |
||
| 100 | _a20130415d1937 |||y0rusy50 ca | ||
| 101 | 0 | _arus | |
| 102 | _aRU | ||
| 105 | _ay z ||||| | ||
| 200 | 1 |
_aБрахиоподы кембрийских и сулурийских отложений СССР _eВып. 1 _fПод ред. И.И. Горского, Г.Я. Крымгольца, Б.К. Лихарева... [и др.] _gГГУ-НКТП-СССР. Центр. науч.-исслед. геол.-разведочный ин-т |
|
| 210 |
_cОНТИ. Гл. ред. горно-топлив. и геол.-развед. лит. _d1937 _gТип. "Красный печатник" в Л. |
||
| 300 | _aДоб. тит. л. на англ. яз. | ||
| 461 | 0 |
_1001rc\4074172 _12001#$aМонографии по палеонтологии СССР$fПод ред. И.И. Горского$gМ-во геологии СССР. Всесоюз. науч.-исслед. ин-т ВСЕГЕИ. Т. 20$vТ. 35 |
|
| 702 | 1 |
_aЛихарев _bБ. К. _4340 |
|
| 702 | 1 |
_aКрымгольц _bГ. Я. _4340 |
|
| 801 | 0 |
_aRU _bNLR _gpsbo |
|
| 801 | 1 |
_aRU _bELAR _2rusmarc |
|
| 852 |
_aNLR _j36-20/131 |
||
| 942 | _cBOOK | ||
| 980 | _aNB | ||